000 00454nam a2200157 i 4500
001 145350
003 ES-MaACL
005 20230906201220.0
007 t|
008 070214s1920 xxk r ||||1| eng d
100 1 _aSorley, Wilhelm Ritchie.
_9107406
245 1 0 _aA History of English Philosophy /
_cby W. R. Sorly.
260 _aCambridge :
_bUniversity Press,
_c1920 (
_fJ. B. Peace)
300 _aXVI, 380 p. ;
_c23 cm.
852 _aES-MaACL
_jC-1476
999 _c145350
_d145350